Sports Quiz

Random Sports or Baseball Quiz

MLB Playoff Leaders Quiz Stats

 Plays Quiz not verified by Sporcle

Challenge
Share
Tweet
Embed
Score 0/20 Timer 04:00
0 Plays Today
Record Player % Correct
Home RunsBarry Bonds and Carlos Beltran (8)
96.2%
WinsRandy Johnson and Francisco Rodriguez (5)
93.4%
Stolen BasesKenny Lofton and Rickey Henderson (11)
91.7%
Innings PitchedCurt Schilling (48.3)
89.7%
StrikeoutsCurt Schilling (56)
89.7%
RBISandy Alomar and David Ortiz and Scott Spezio (19)
88.3%
Slugging PercentageLou Gehrig (1.727)
84.1%
Strikeouts per Nine InningsFrancisco Rodriguez (13.500)
68.3%
DoublesJayson Werth (7)
62.4%
RunsCarlos Beltran (21)
58.3%
Record Player % Correct
Walks + Hits/Inning PitchedMariano Rivera (.438)
53.8%
ShutoutsChristy Mathewson (3)
41.7%
SinglesMarty Barrett and David Eckstein (20)
36.9%
HitsMarquis Grissom and Darin Erstad (25)
34.1%
StrikeoutsAlfonso Soriano (26)
21.4%
At BatsMarquis Grissom (74)
20.3%
Hits Allowed per Nine InningsAndy Hawkins (2.298)
3.1%
TriplesTommy Leach (4)
2.4%
Complete GamesDeacon Phillippe (5)
2.4%
Batting AverageLloyd McClendon (.727)
1.4%

You're not logged in!

Compare scores with friends on all Sporcle quizzes.
OR
Log In

You Might Also Like...

Show Comments

Extras

Top Quizzes Today


Score Distribution

Your Account Isn't Verified!

In order to create a playlist on Sporcle, you need to verify the email address you used during registration. Go to your Sporcle Settings to finish the process.

Report this User

Report this user for behavior that violates our Community Guidelines.

Details: